[Event "Titled Tuesday intern op 24th Oct Late"]
[Site "Chess.com INT"]
[Date "2023.10.24"]
[Round "8"]
[White "Kovalevsky, Stanislav"]
[Black "Jaramillo Lopez, Ali Aaron"]
[Result "0-1"]
[WhiteElo "2163"]
[BlackElo "2183"]
[PlyCount "80"]
[EventDate "2023.10.24"]
[EventType "swiss (blitz)"]
[EventRounds "11"]
[EventCountry "USA"]
[SourceTitle "CBM 216 Extra"]
[Source "ChessBase"]
[SourceDate "2023.11.30"]
[SourceVersion "1"]
[SourceVersionDate "2023.11.30"]
[SourceQuality "1"]

1. e4 c5 2. c3 Nf6 3. e5 Nd5 4. d4 cxd4 5. Nf3 Nc6 6. cxd4 d6 7. Bc4 dxe5 8. dxe5 Be6 9. 0-0 g6 10. Qe2 Qa5 11. Bd2 Qb6 12. Na3 Bg7 13. Rfd1 0-0 14. Bxd5 Bxd5 15. Bc3 Bxf3 16. gxf3 Rad8 17. f4 Nd4 18. Qe3 Ne6 19. Nc4 Qa6 20. Nd2 Bh6 21. Qh3 Bxf4 22. Ne4 Qa4 23. Qf3 Bh6 24. b3 Qc6 25. Rac1 Rxd1+ 26. Rxd1 Rd8 27. Rxd8+ Nxd8 28. Qd3 Ne6 29. f3 Bf4 30. Kg2 Kg7 31. a4 h5 32. h3 Qb6 33. b4 a6 34. b5 axb5 35. axb5 Qc7 36. Bb4 Bxe5 37. Qd5 Nf4+ 38. Kg3 Nxd5+ 39. Kh4 Bf6+ 40. Ng5 Qf4# 0-1

[Event "Titled Tuesday intern op 24th Oct Early"]
[Site "Chess.com INT"]
[Date "2023.10.24"]
[Round "3"]
[White "Mazurkiewicz, Michal"]
[Black "Jaramillo Lopez, Ali Aaron"]
[Result "1-0"]
[WhiteElo "2145"]
[BlackElo "2183"]
[PlyCount "65"]
[EventDate "2023.10.24"]
[EventType "swiss (blitz)"]
[EventRounds "11"]
[EventCountry "USA"]
[SourceTitle "EXT 2025"]
[Source "ChessBase"]
[SourceDate "2024.10.14"]
[SourceVersion "1"]
[SourceVersionDate "2024.10.14"]
[SourceQuality "1"]

1. e4 c5 2. Nf3 Nc6 3. g3 g6 4. Bg2 Bg7 5. 0-0 e5 6. d3 Nge7 7. Nc3 0-0 8. Nd2 d6 9. Nc4 Nd4 10. a4 Be6 11. Nd5 Nxd5 12. exd5 Bd7 13. c3 Nf5 14. f4 b5 15. axb5 Bxb5 16. Be4 Ne7 17. f5 gxf5 18. Bxf5 Nxf5 19. Rxf5 Bd7 20. Nxd6 Qe7 21. Ra6 c4 22. dxc4 Bxf5 23. Nxf5 Qc5+ 24. Be3 Qxc4 25. Rc6 Qe4 26. Qh5 Kh8 27. Bh6 Bxh6 28. Rxh6 Qe1+ 29. Kg2 Qd2+ 30. Kh3 Qxh6 31. Qxh6 Rg8 32. Qf6+ Rg7 33. Qxg7# 1-0